S36 駅名クイズ - 平成筑豊鉄道 ver. - Statistics

General Stats
  • This quiz has been taken 5 times
  • The average score is 31 of 42
Answer Stats
Number Answer % Correct
HC1 直方
100%
HC2 南直方御殿口
100%
HC3 あかぢ
100%
HC10 金田
100%
HC15 田川伊田
100%
HC15 田川伊田
100%
HC20
100%
HC21 油須原
100%
HC28 今川河童
100%
HC30 令和コスタ行橋
100%
HC31 行橋
100%
HC10 金田
100%
HC55 田川後藤寺
100%
関門海峡めかり
100%
HC7 ふれあい生力
80%
HC12
80%
HC18 柿下温泉口
80%
HC22 源じいの森
80%
HC24 犀川
80%
HC25 東犀川三四郎
80%
HC53 糸田
80%
九州鉄道記念館
80%
ノーフォーク広場
80%
HC8 赤池
60%
HC11 上金田
60%
HC13 田川市立病院
60%
HC14 下伊田
60%
HC16 上伊田
60%
HC19 内田
60%
HC26 新豊津
60%
HC27 豊津
60%
HC29 美夜古泉
60%
HC52 松山
60%
出光美術館
60%
HC5 中泉
40%
HC9 人見
40%
HC17 勾金
40%
HC23 崎山
40%
HC51 豊前大熊
40%
HC54 大藪
40%
HC4 藤棚
20%
HC6 市場
20%
No matching quizzes found
Score Distribution
Percent of People with Each Score
Percentile by Number Answered
Your Score History
You have not taken this quiz